Lengua : ingreso al tercer ciclo 2006 /

Guardado en:
Autor Principal: Negrin, Marta
Formato: Libro
Publicado: Bahía Blanca : Uns
Etiquetas: Agregar Etiqueta
Sin Etiquetas, Sea el primero en etiquetar este registro!
LEADER 00441nam a22001455a 4500
001 CEM.cems012738
005 20071010175808.0
008 130507b######################000#0#####d
003 CEMS
082 0 4 |a F468 
100 1 |a Negrin, Marta 
245 1 0 |a Lengua :  |b ingreso al tercer ciclo 2006 /  |c Elaboración y Selección de Textos Marta Negrin 
260 |a Bahía Blanca :  |b Uns 
300 |a 70 p. 
859 |a CEMS  |b BIB. CEMS - 11 de abril  |h F468  |i 1-4  |p 2167.44  |t Ej.1